Movies Quiz

Random Movies or Actor Quiz
Score 0/12 Timer 05:00
1 Play Today
Question Answer Wrong Answers
Which movie did not star Matt Damon? Friday Night Lights
88.9%
The Departed
2.7%
Good Will Hunting
0.8%
Stuck on You
7.6%
Which movie did not star John Travolta? Sex, Lies, and Videotape
82.7%
Michael
8.7%
Look Who's Talking
4.1%
Grease
0.5%
Which movie did not star Bruce Willis? The Man Who Knew Too Much
79.8%
Mercury Rising
12.3%
Twelve Monkeys
5.5%
The Sixth Sense
1%
Which movie did not star Hugh Grant? The Matador
76.9%
Mickey Blue Eyes
7.6%
About a Boy
5.8%
Bridget Jones's Diary
5.3%
Which movie did not star Hugh Jackman? Gothika
75.8%
The Wolverine
0.8%
The Prestige
7.5%
Real Steel
12.4%
Which movie did not star Pierce Brosnan? The Talented Mr. Ripley
68.2%
Mrs. Doubtfire
14.3%
Tomorrow Never Dies
1.2%
The Tailor of Panama
11.7%
Which movie did not star Billy Bob Thornton? The Last Boy Scout
67%
Bad Santa
3.2%
Bandits
16.9%
Sling Blade
11.9%
Which movie did not star Katharine Hepburn? Kate & Leopold
64.6%
Adam's Rib
17.7%
The African Queen
6.8%
On Golden Pond
7.5%
Which movie did not star James Stewart? Dark Passage
63%
Mr. Smith Goes to Washington
7.3%
Harvey
19.6%
Rear Window
7.6%
Which movie did not star Humphrey Bogart? The Philadelphia Story
60.9%
The Maltese Falcon
5.6%
Key Largo
17.4%
The Treasure of the Sierra Madre
13%
Which movie did not star Andie MacDowell? Notting Hill
56.1%
Multiplicity
17.4%
Groundhog Day
6.2%
Green Card
15.8%
Which movie did not star Halle Berry? Primary Colors
51.5%
Die Another Day
7%
The Rich Man's Wife
30.7%
Swordfish
7%
Remove Ads.
Support Sporcle.
Get the best of Sporcle when you Go Orange. This ad-free experience offers more features, more stats, and more fun while also helping to support Sporcle. Thank you for becoming a member.

You're not logged in!

Compare scores with friends on all Sporcle quizzes.
OR
Log In

Sporcle TV

Today on Sporcle TV


Watch our educational content, quiz creation guides, and fun videos on Sporcle TV.

Show Comments

Extras

Top Quizzes Today


Score Distribution

Paid Content

Your Account Isn't Verified!

In order to create a playlist on Sporcle, you need to verify the email address you used during registration. Go to your Sporcle Settings to finish the process.

Report this User

Report this user for behavior that violates our Community Guidelines.

Details: